LEADER 01598nam a2200217 i 4500 001 000000221651 003 CaOOAMICUS 005 20130731000000.0 008 130731s1725 xx u000 u lat u 013 $a200548 026 $aim*, coem dot, CaEt (3) 1725 (R) 040 $aSeMil$bita 245 10$aPars quinta. Operum tomus quintus, continens Victoris secundi, Stephani noni, Nicolai secundi & Alexandri secundi concilia, & Dictatum Sancti Gregorii septimi. Studio, ac labore f. Thomae Philippini ravennatensis ejusdem ordinis. 300 $a[4], 396 p. 500 $aSegn. : pigreco2 A-2K6. 650 4$aConcili provinciali.$0(OLS)http://semarc/subject/2773 773 0 $tSynodorum generalium, ac provincialium decreta, et canones, scholiis, notis, ac historica actorum dissertatione illustrati, per F. Christianum Lupum, Iprensem, Ordinis Heremitarum Sancti Augustini, Sacrĉ Theologiae in alma Lovaniensi Universitate ..$dVenetiis : prostant apud Jo. Baptistam Albritium Q. Hieron. et Sebastianum Coleti, 1724-1727.$g5$w()16972 773 0 $aLupus, Chrétien $tPatris Christiani Lupi Opera omnia.$dVenetiis : apud Jo: Baptistam Albritium Hieron et Sebastianum Coleti, 1724-1729.$g5$w()27406 850 $aSeMil 852 $aSeMil$W1$xVenegono$y1$m2H VI 51 FA$j172000$B172000$CSeMilBibl$Z2$F182587 $8I 996 $6245$aPars quinta. Operum tomus quintus, continens Victoris secundi, Stephani noni, Nicolai secundi & Alexandri secundi concilia, & Dictatum Sancti Gregorii septimi. Studio, ac labore f. Thomae Philippini ravennatensis ejusdem ordinis$9(OLS)http://semarc/title/317759 LEADER 00817nam a2200229 i 4500 001 000000238949 003 CaOOAMICUS 005 20250818085251.0 008 150217s1823 it u000 u ita u 013 $a217854 026 $ao.si ieer cama ri(J (7) 1823 (R) 040 $aSeMil$bita 245 10$aVol. 3. 300 $a617 [i.e. 609], [1] p. 500 $aSaltate nella num. le p. 73-80. 773 0 $aSegneri, Paolo $tManna dell'anima del padre Paolo Segneri della Compagnia di Gesù. Volume 1. [-4.].$dBrescia : Tipografia Pasini, 1823.$g3$w()31413 850 $aSeMil 852 $aSeMil$W1$xVenegono$y1$m3D I 200 FA$j189295$B189295$CSeMilBibl$Z2$F200103 $8I 941 1 $a10 961 $aRecupero: Mantegazza 996 $6245$aVol. 3$9(OLS)http://semarc/title/80712